Largest Canadian Ethnic Groups - Statistics

General Stats
  • This quiz has been taken 106 times
  • The average score is 22 of 34
Answer Stats
# of Residents Answer % Correct
4,670,595 French
98%
6,320,085 English
93%
3,322,405 German
93%
1,769,195 Chinese
90%
1,374,710 Indian
88%
622,445 Russian
88%
4,627,000 Irish
87%
1,587,970 Italian
84%
11,135,965 Canadian
83%
396,460 Spanish
83%
1,106,585 Polish
82%
4,799,010 Scottish
79%
1,111,655 Dutch
78%
349,640 Swedish
78%
1,359,655 Ukrainian
76%
463,275 Norwegian
74%
271,405 Greek
70%
377,410 American
69%
482,610 Portuguese
69%
207,470 Danish
67%
474,805 Welsh
67%
215,555 Pakistani
64%
837,130 Filipino
63%
240,615 Vietnamese
54%
1,525,565 First Nations
53%
348,085 Hungarian
46%
238,050 Romanian
46%
210,405 Iranian
37%
207,050 Austrian
31%
644,695 British Isles
29%
212,005 African
27%
309,485 Jamaican
26%
219,555 Lebanese
21%
600,000 Métis
21%
No matching quizzes found
Score Distribution
Percent of People with Each Score
Percentile by Number Answered
Your Score History
You have not taken this quiz